000 005640000a22001450004500
090 _aT P613c
100 1 _aPiedrahita, Jhon Jaime; Trujillo, Juan Felipe
245 1 0 _aCarta descriptiva de historia de la iglesia para el instituto ministerial de Medellin
260 _aMedellin : Seminario Bíblico de Colombia
300 _a36 Pág.
500 _aAsesor: David Ford. B.S.c., M.T.h., Ph.D. Doctorado en Ingenieria, Maestría en Teología
502 _aTesis (Teología)--Fundación Universidad Seminario Biblico de Colombia, 2007
001 14846
942 _cBK
999 _c43666
_d43666